10 paesi più piccoli - Statistics

Statistiche generali
  • Questo quiz è stato fatto 242 volte
  • Il punteggio medio è 5 su 10
Statistiche sulle risposte
Hint Risposta % Corretto
1 Città del vaticano
95%
5 San Marino
95%
2 Monaco
81%
6 Liechtenstein
72%
10 Malta
46%
3 Nauru
44%
8 Saint Kitts e Nevis
37%
4 Tuvalu
32%
7 Isole Marshall
13%
9 Maldive
9%
Nessun quiz corrispondente trovato
Distribuzione punteggi
Percentuale di utenti per punteggio
Percentile per numero di risposta
I tuoi punteggi nel tempo
Non hai fatto questo quiz